[Event "EYCC 2024 - O12"]
[Site "?"]
[Date "2024.08.26"]
[Round "5.15"]
[White "Zhang, Yibo"]
[Black "Nguyen, Khoi"]
[Result "1/2-1/2"]
[BlackElo "2108"]
[WhiteElo "1938"]
[LiveChessVersion "1.4.8"]

1. e4 {[%clk 1:30:14]} e6 {[%clk 1:30:51]} 2. d4 {[%clk 1:30:41]} d5
{[%clk 1:31:03]} 3. Nc3 {[%clk 1:31:01]} Bb4 {[%clk 1:31:23]} 4. e5
{[%clk 1:31:21]} Ne7 {[%clk 1:31:46]} 5. Bd2 {[%clk 1:31:11]} c5 {[%clk 1:26:26]}
6. a3 {[%clk 1:19:28]} Bxc3 {[%clk 1:23:10]} 7. Bxc3 {[%clk 1:19:00]} b6
{[%clk 1:07:44]} 8. Nf3 {[%clk 1:04:39]} Ba6 {[%clk 1:06:49]} 9. Bxa6
{[%clk 1:03:37]} Nxa6 {[%clk 1:07:04]} 10. O-O {[%clk 0:57:48]} Nb8
{[%clk 1:03:31]} 11. b4 {[%clk 0:53:56]} Nd7 {[%clk 0:56:04]} 12. Qe2
{[%clk 0:44:10]} O-O {[%clk 0:54:30]} 13. bxc5 {[%clk 0:18:37]} bxc5
{[%clk 0:54:13]} 14. dxc5 {[%clk 0:17:41]} Nxc5 {[%clk 0:53:18]} 15. Bb4
{[%clk 0:17:00]} Qc7 {[%clk 0:51:29]} 16. c4 {[%clk 0:15:54]} a5 {[%clk 0:47:19]}
17. cxd5 {[%clk 0:13:45]} Nxd5 {[%clk 0:45:31]} 18. Bxc5 {[%clk 0:13:21]} Qxc5
{[%clk 0:45:52]} 19. Rfc1 {[%clk 0:13:39]} Qe7 {[%clk 0:45:26]} 20. Nd4
{[%clk 0:11:56]} Rfc8 {[%clk 0:41:53]} 21. Nb5 {[%clk 0:10:41]} a4
{[%clk 0:35:21]} 22. Nd6 {[%clk 0:10:13]} Rcb8 {[%clk 0:30:34]} 23. h3
{[%clk 0:09:45]} Rb3 {[%clk 0:27:22]} 24. Rc4 {[%clk 0:09:32]} h6
{[%clk 0:16:43]} 25. Qe4 {[%clk 0:07:12]} Qd7 {[%clk 0:14:36]} 26. Rac1
{[%clk 0:07:10]} f5 {[%clk 0:14:42]} 27. Nxf5 {[%clk 0:01:44]} exf5
{[%clk 0:14:47]} 28. e6 {[%clk 0:02:12]} Qb7 {[%clk 0:11:16]} 29. Qxf5
{[%clk 0:02:21]} Rf8 {[%clk 0:10:08]} 30. Qe5 {[%clk 0:02:28]} Rb5
{[%clk 0:07:35]} 31. Qe4 {[%clk 0:01:15]} Ne7 {[%clk 0:05:45]} 32. Qxb7
{[%clk 0:00:35]} Rxb7 {[%clk 0:06:13]} 33. Rxa4 {[%clk 0:00:58]} Rb6
{[%clk 0:05:20]} 34. Re4 {[%clk 0:00:57]} Rf6 {[%clk 0:05:15]} 35. Rce1
{[%clk 0:01:14]} Ra6 {[%clk 0:05:11]} 36. a4 {[%clk 0:01:34]} g5 {[%clk 0:05:01]}
37. f3 {[%clk 0:01:37]} Kg7 {[%clk 0:03:23]} 38. Kf2 {[%clk 0:01:25]} h5
{[%clk 0:03:18]} 39. g3 {[%clk 0:00:35]} Kg6 {[%clk 0:02:10]} 40. f4
{[%clk 0:00:36]} gxf4 {[%clk 0:01:18]} 41. gxf4 {[%clk 0:00:34]} Kf5
{[%clk 0:01:35]} 42. Re5+ {[%clk 0:00:47]} Kg6 {[%clk 0:01:47]} 43. Rg5+
{[%clk 0:00:34]} Kh6 {[%clk 0:02:10]} 44. Ree5 {[%clk 0:00:32]} Rxf4+
{[%clk 0:02:09]} 45. Kg3 {[%clk 0:00:51]} Raxa4 {[%clk 0:02:13]} 46. Rxh5+
{[%clk 0:01:10]} Kg6 {[%clk 0:02:36]} 47. Rc5 {[%clk 0:00:32]} Rfb4
{[%clk 0:02:18]} 48. Rhe5 {[%clk 0:00:36]} Rb3+ {[%clk 0:02:23]} 49. Kf2
{[%clk 0:00:57]} Rxh3 {[%clk 0:02:39]} 50. Kg2 {[%clk 0:00:42]} Rb3
{[%clk 0:03:01]} 51. Re2 {[%clk 0:00:51]} Kf6 {[%clk 0:03:13]} 52. Rce5
{[%clk 0:00:50]} Ra7 {[%clk 0:03:05]} 53. R5e3 {[%clk 0:00:51]} Rbb7
{[%clk 0:02:33]} 54. Rf2+ {[%clk 0:01:02]} Nf5 {[%clk 0:02:42]} 55. e7
{[%clk 0:00:34]} Rxe7 {[%clk 0:03:06]} 56. Rxe7 {[%clk 0:01:00]} Rxe7
{[%clk 0:03:31]} 57. Kf3 {[%clk 0:01:07]} Re3+ {[%clk 0:03:35]} 58. Kf4
{[%clk 0:01:02]} Ra3 {[%clk 0:03:54]} 59. Re2 {[%clk 0:00:43]} Rh3
{[%clk 0:04:09]} 60. Ra2 {[%clk 0:01:00]} Rh4+ {[%clk 0:04:31]} 61. Kf3
{[%clk 0:01:27]} Kg5 {[%clk 0:04:40]} 62. Rg2+ {[%clk 0:01:51]} Kf6
{[%clk 0:05:03]} 63. Ra2 {[%clk 0:02:09]} Rb4 {[%clk 0:05:14]} 64. Ra1
{[%clk 0:02:14]} Nd4+ {[%clk 0:05:17]} 65. Kg3 {[%clk 0:02:31]} Kg5
{[%clk 0:05:40]} 66. Ra5+ {[%clk 0:02:19]} Nf5+ {[%clk 0:06:03]} 67. Kf3
{[%clk 0:02:37]} Rf4+ {[%clk 0:06:22]} 68. Ke2 {[%clk 0:02:46]} Rb4
{[%clk 0:06:24]} 69. Kf3 {[%clk 0:02:59]} Rh4 {[%clk 0:06:18]} 70. Rc5
{[%clk 0:02:37]} Rf4+ {[%clk 0:06:28]} 71. Ke2 {[%clk 0:02:57]} Kg4
{[%clk 0:06:56]} 72. Kd3 {[%clk 0:02:56]} Kf3 {[%clk 0:06:57]} 73. Re5
{[%clk 0:02:59]} Nd6 {[%clk 0:06:34]} 74. Re3+ {[%clk 0:03:11]} Kg4
{[%clk 0:06:56]} 75. Re6 {[%clk 0:02:50]} Nf5 {[%clk 0:07:11]} 76. Re4
{[%clk 0:02:26]} Rxe4 {[%clk 0:07:30]} 77. Kxe4 {[%clk 0:02:51]} 1/2-1/2

[Event "EYCC 2024 - O12"]
[Site "?"]
[Date "2024.08.26"]
[Round "5.16"]
[White "Leenen, Boyd"]
[Black "Nezhyvenko, Mykhaylo"]
[Result "1/2-1/2"]
[BlackElo "2107"]
[WhiteElo "1921"]
[LiveChessVersion "1.4.8"]

1. d4 {[%clk 1:30:59]} d5 {[%clk 1:30:50]} 2. c4 {[%clk 1:31:23]} e6
{[%clk 1:31:17]} 3. Nc3 {[%clk 1:31:49]} Nf6 {[%clk 1:31:37]} 4. cxd5
{[%clk 1:32:14]} exd5 {[%clk 1:31:59]} 5. Bg5 {[%clk 1:32:40]} Be7
{[%clk 1:32:21]} 6. e3 {[%clk 1:33:05]} c6 {[%clk 1:32:44]} 7. Bd3
{[%clk 1:33:26]} h6 {[%clk 1:33:09]} 8. Bh4 {[%clk 1:33:51]} O-O {[%clk 1:33:20]}
9. Nge2 {[%clk 1:34:19]} Re8 {[%clk 1:33:40]} 10. O-O {[%clk 1:34:40]} Nbd7
{[%clk 1:34:04]} 11. f3 {[%clk 1:34:59]} Nf8 {[%clk 1:32:08]} 12. Qc2
{[%clk 1:26:35]} Ne6 {[%clk 1:12:30]} 13. Rad1 {[%clk 1:22:00]} Bd7
{[%clk 1:02:52]} 14. h3 {[%clk 1:19:09]} Nh5 {[%clk 0:57:54]} 15. Bxe7 Qxe7 16.
f4 {[%clk 1:09:58]} Nc7 {[%clk 0:56:20]} 17. Rf3 {[%clk 1:09:27]} Nf6
{[%clk 0:48:32]} 18. Ng3 {[%clk 1:08:53]} c5 {[%clk 0:45:37]} 19. dxc5
{[%clk 1:04:57]} Qxc5 {[%clk 0:44:58]} 20. Nxd5 {[%clk 1:05:21]} Qxd5
{[%clk 0:45:15]} 21. Bh7+ {[%clk 1:04:28]} Nxh7 {[%clk 0:45:35]} 22. Rxd5
{[%clk 1:04:55]} Nxd5 {[%clk 0:45:53]} 23. e4 {[%clk 1:05:03]} Rac8
{[%clk 0:34:14]} 24. Qd2 {[%clk 1:03:48]} Nb6 {[%clk 0:34:27]} 25. e5
{[%clk 0:55:51]} Rc6 {[%clk 0:20:45]} 26. Rd3 {[%clk 0:54:26]} Nf8
{[%clk 0:20:34]} 27. b3 {[%clk 0:41:39]} Rec8 {[%clk 0:13:32]} 28. Qa5
{[%clk 0:36:58]} Rc1+ {[%clk 0:12:58]} 29. Kh2 {[%clk 0:37:06]} R1c2
{[%clk 0:11:34]} 30. Nh5 {[%clk 0:35:40]} Bf5 {[%clk 0:08:35]} 31. Rg3
{[%clk 0:35:51]} Ng6 {[%clk 0:08:07]} 32. Qxa7 {[%clk 0:34:38]} Nd5
{[%clk 0:08:29]} 33. Qxb7 {[%clk 0:34:48]} Nde7 {[%clk 0:05:59]} 34. a4
{[%clk 0:29:05]} Be6 {[%clk 0:04:33]} 35. Qb6 {[%clk 0:23:38]} Bd5
{[%clk 0:01:42]} 36. Qb5 {[%clk 0:20:04]} Rb2 {[%clk 0:01:20]} 37. f5
{[%clk 0:16:05]} Rcc2 {[%clk 0:00:38]} 38. Qe8+ {[%clk 0:14:32]} Kh7
{[%clk 0:01:02]} 39. fxg6+ {[%clk 0:14:45]} Nxg6 {[%clk 0:01:26]} 40. Qd7
{[%clk 0:14:06]} Rxg2+ {[%clk 0:01:21]} 41. Rxg2 {[%clk 0:14:25]} Rxg2+
{[%clk 0:01:48]} 42. Kh1 {[%clk 0:14:38]} Rd2+ {[%clk 0:01:27]} 43. Kg1
{[%clk 0:14:53]} Nh4 {[%clk 0:01:44]} 44. Qd6 {[%clk 0:12:53]} Nf3+
{[%clk 0:01:39]} 45. Kf1 {[%clk 0:13:22]} Be4 {[%clk 0:01:46]} 46. Nf4
{[%clk 0:12:58]} h5 {[%clk 0:00:36]} 47. Qe7 {[%clk 0:11:49]} Nh2+
{[%clk 0:00:31]} 48. Ke1 {[%clk 0:12:07]} Nf3+ {[%clk 0:01:00]} 49. Kf1
{[%clk 0:12:26]} Nh2+ {[%clk 0:00:37]} 1/2-1/2